|
|
|
|
| LEADER |
00757nta a2200205 i 4500 |
| 001 |
dokt7055 |
| 005 |
20220620105748.0 |
| 008 |
220620s1987 hu om 0|| hun d |
| 040 |
|
|
|a SZTE Doktori Repozitórium
|b hun
|
| 041 |
|
|
|a hun
|
| 100 |
1 |
|
|a Várkonyi Zsuzsanna
|
| 245 |
1 |
0 |
|a SV 40 enhancer szekvencia in vivo és in vitro vizsgálata alacsonyabb rendű eukariota, élesztő sejtekben
|h [elektronikus dokumentum] /
|c Várkonyi Zsuzsanna
|
| 260 |
|
|
|c 1987
|
| 502 |
|
|
|a Disszertacio
|
| 650 |
|
4 |
|a biológiai tudományok
|
| 650 |
|
4 |
|a Természettudományok
|
| 650 |
|
4 |
|a Biológiai tudományok
|
| 695 |
|
|
|a Orvostudomány
|
| 700 |
1 |
|
|a nincs megadva
|e ths
|
| 856 |
4 |
0 |
|u https://doktori.bibl.u-szeged.hu/id/eprint/7055/1/1987_varkonyi_zsuzsanna.pdf
|z Dokumentum-elérés
|